Bezpečnost internetového bankovnictví: situace a trendy

Proti jasným výhodám v oblasti internetového, priameho bankovníctva však stoja i nevýhody a riziká. Medzi nimi je na čelnom mieste i otázka bezpečnosti. Z hľadiska procesného a technologického na zabezpečenie internetového bankovníctva sa dá nazerať ako na špecifickú oblasť bezpečnosti elektronickej...

Description complète

Enregistré dans:
Détails bibliographiques
Auteur principal: Hajník, Filip
Format: Chapitre de livre
Langue:tchèque
Sujets:
Tags: Ajouter un tag
Pas de tags, Soyez le premier à ajouter un tag!

MARC

LEADER 00000naa$a2200000$$$4500
001 0008092
005 20231010083056.8
041 0 |a cze 
044 |a CZ 
245 1 0 |a Bezpečnost internetového bankovnictví: situace a trendy  |c aut. Filip Hajník 
520 |a Proti jasným výhodám v oblasti internetového, priameho bankovníctva však stoja i nevýhody a riziká. Medzi nimi je na čelnom mieste i otázka bezpečnosti. Z hľadiska procesného a technologického na zabezpečenie internetového bankovníctva sa dá nazerať ako na špecifickú oblasť bezpečnosti elektronickej komunikácie. Šifrovanie a ochrana správy. Integrita správ. Autentizácia užívateľa. Základné používané metódy zabezpečenia internetového bankovníctva. Digitálne doklady a totožnosť. Technológie budúcnosti. 
610 2 0 |a bankovníctvo 
610 2 0 |a internet 
610 2 0 |a bezpečnosť 
610 2 0 |a ochrana informácií 
100 1 |a Hajník, Filip